| 000 | 01065nam a2200241 4500 | ||
|---|---|---|---|
| 001 | vtls002235260 | ||
| 003 | MY-SjTCS | ||
| 005 | 20200306153836.0 | ||
| 008 | 110218s1998 my 001 eng | ||
| 020 | _a9679424219 | ||
| 039 | 9 |
_a201909201241 _bummi _c201102181629 _dVLOAD _y200407271930 _zVLOAD |
|
| 082 | 0 | 4 |
_a428.24 _bBAH |
| 100 | 0 |
_aBahiyah Abdul Hamid. _9203374 |
|
| 245 | 1 | 0 |
_aEnglish grammar for Malaysians / _cBahiyah Abdul Hamid, Basil S. Wijasuriya |
| 260 |
_aBangi : _bPenerbit Universiti Kebangsaan Malaysia, _cc1998 |
||
| 300 |
_a187 p. ; _c23 cm. |
||
| 505 | 0 | _aPreface. - 1. Introduction. - 2. Parts of Speech. - 3. Phrases. - 4. Simple Sentences or Independent Clauses. - 5. Compound and Complex Sentences. - 6. Beyond the Sentence. - Reference. - Index. | |
| 650 | 0 |
_aEnglish language _xGrammar. _93013 |
|
| 650 | 0 |
_aEnglish language _xStudy and teaching _xForeign speakers _xMalay speakers. _9203375 |
|
| 650 | 0 |
_aEnglish language _xUsage. _94757 |
|
| 700 | 1 |
_aWijasuriya, Basil S. _q(Basil Srisena) _e(j.a.) _9203376 |
|
| 920 | _aMCS(USM) : 200962 | ||
| 999 | _c22346 | ||